New Zealand Slavonic Journal

محفوظ في:

التنسيق: دورية

اللغة: Undetermined

منشور في: JSTOR
Australia and New Zealand Slavists’ Association

الموضوعات:

الوصول للمادة أونلاين: Login to view Source

الوسوم: إضافة وسم

لا توجد وسوم, كن أول من يضع وسما على هذه التسجيلة!

رقم الطلب:

LEADER 00646nas a2200181Ia 4500
008 220214c99999999xx |||||||||||| ||und||
022 |a 0028-8683 
022 |a 2703-4518 
245 0 0 |a New Zealand Slavonic Journal 
264 1 |b JSTOR 
264 1 |b Australia and New Zealand Slavists’ Association 
362 0 |a (1968)-53 (2019) 
500 |a Content for this title is released as soon as the latest issues become available to JSTOR. 
653 1 0 |a Slavic Studies 
856 4 0 |u https://www.jstor.org/journal/newzealslavjour 
942 |c JL 
952 |0 0  |1 0  |4 0  |7 1  |9 36403  |a JSR  |b JSR  |d 2022-02-14  |l 0  |r 2022-02-14 00:00:00  |w 2022-02-14  |y JL 
999 |c 44736  |d 44736